000 00814nam a2200265 a 4500
999 _c329126
_d329126
003 BLK
005 20231121005356.0
008 190214b bu ||||| |||| 00| 0 bu d
020 _a978-954-660-742-3
040 _aBLK
041 _aBUL
_cBUL
080 _aБългарска литература
_b821.163.2
_x-93-34
_z821.163.2-93-34
100 _aЖекова, Ангелина Иванова
_d1944-
_9366328
139 _aЖекова, Ангелина
_bЖ 32
245 _aМечова годинка
260 _9209558
_aСофия
_bПАН
_c2016
300 _a12 с.
_c28 см
380 _aDX
700 _9291988
_aТанев, Кирил Танев
_eхудож.
852 _aЦб ІІ 25253
_bЦб
942 _cKNG
_n0
_011
_s1
944 _k
_lCRON CRON
999 _d329126
999 _d329126